| 000 | 01216nam0a22002891 4500 | ||
|---|---|---|---|
| 001 | rc\3226966 | ||
| 005 | 20130115141235.7 | ||
| 021 |
_aRU _b[70-67740] |
||
| 035 | _a(NLR Aleph) 007469635 | ||
| 090 |
_a7402707 _c7402707 |
||
| 100 | _a20130115d1970 |||y0rusy50 ca | ||
| 101 | 0 | _arus | |
| 102 | _aRU | ||
| 105 | _aa z ||||| | ||
| 200 | 1 |
_aТуристские маршруты Прикамья _e(В помощь туристам и участникам походов молодежи Прикамья) _f[Авт. маршрутов и сост. А.С. Егоршин] _gПерм. обком ВЛКСМ. Перм. обл. совет по туризму. Обл. организация о-ва "Знание" |
|
| 210 |
_aПермь _cБ. и. _d1970 |
||
| 215 |
_a77 с. _cил. _d16 |
||
| 320 | _aБиблиогр.: с. 75-76 | ||
| 606 |
_aТуристские маршруты _yПрикамье _2psbo |
||
| 607 |
_aПрикамье _jПутеводители _2psbo |
||
| 700 | 1 |
_aЕгоршин _bА. С. _4220 |
|
| 712 | 0 | 2 |
_aВЛКСМ _bПермский обл. ком _3RU\NLR\AUTH\8810066321 |
| 801 | 0 |
_aRU _bNLR _gpsbo |
|
| 801 | 1 |
_aRU _bELAR _2rusmarc |
|
| 852 |
_aNLR _j70-2/1630 |
||
| 942 | _cBOOK | ||
| 980 | _aNB | ||